000 00411nam a2200181Ia 4500
001 1040
005 20260306140602.0
008 260306t2011||||xx |||||||||||||| ||spa||
041 _aESP
082 _a180
_bH58 V. 2
100 _aHirschberger, Johannes
_eAUT
245 0 _aHistoria de la filosofĂ­a
260 _c2011
300 _a
_c24 cm.
650 _aGEN
654 _aCHU
942 _cLIB
_dJUS
_fJUS
_2ddc
_n
999 _c1040
_d1040